00600 a2200217 4500041000800000082002100008100002300029245007100052260004300123300001700166518001500183530000600198650003900204650002300243650001600266650003500282651001000317653002500327942001300352999001700365 aEng a338.10954bH917a aHunter, Guy917046 aThe administration of agricultural developmentblessons from India aLondonbOxford University Presscc1970 a150p. illus. a2011-05-10 aM aAgricultural administration911221 aOrganizations9850 aAgriculture aAgricultural development93366 aIndia aProduction economics 2ddccGEN c60600d60588